[Event "Bastia op"]
[Site "Bastia"]
[Date "2022.07.10"]
[Round "1"]
[White "Brunel, Axel"]
[Black "Yankelevich, Lev"]
[Result "1/2-1/2"]
[WhiteElo "1871"]
[BlackElo "2496"]
[PlyCount "114"]
[EventDate "2022.07.10"]
[EventType "swiss"]
[EventRounds "7"]
[EventCountry "FRA"]
[SourceTitle "CBM 209 Extra"]
[Source "ChessBase"]
[SourceDate "2022.09.30"]
[SourceVersion "1"]
[SourceVersionDate "2022.09.30"]
[SourceQuality "1"]

1. e4 e5 2. Nf3 Nc6 3. Bb5 a6 4. Ba4 Nf6 5. 0-0 Be7 6. Re1 b5 7. Bb3 0-0 8. c3 d5 9. exd5 Nxd5 10. Nxe5 Nxe5 11. Rxe5 c6 12. d4 Bd6 13. Re1 Qh4 14. g3 Qh3 15. Qe2 Bg4 16. Qf1 Qh5 17. Nd2 Rae8 18. Rxe8 Rxe8 19. f3 Bh3 20. Qf2 f5 21. Nf1 f4 22. Bxf4 Bxf4 23. gxf4 Qg6+ 24. Ng3 h5 25. Kh1 h4 26. Ne4 Rxe4 27. fxe4 Qxe4+ 28. Kg1 Qg6+ 29. Kh1 Bf5 30. h3 Bxh3 31. Kh2 Be6 32. Qxh4 Qf5 33. Re1 Bf7 34. Qg5 Qh7+ 35. Kg2 Qg6 36. Qxg6 Nxf4+ 37. Kg3 Nxg6 38. Bxf7+ Kxf7 39. Kg4 Ne7 40. Kg5 a5 41. b3 Ke8 42. c4 Kd7 43. Re5 a4 44. cxb5 axb3 45. axb3 cxb5 46. Rxb5 Kd6 47. Rb7 Nc6 48. Rxg7 Nxd4 49. Rb7 Kc6 50. Rb8 Kc7 51. Rb4 Nc6 52. Rh4 Kb6 53. Kf5 Kb5 54. Ke6 Na5 55. b4 Nc6 56. Kd6 Nxb4 57. Rxb4+ Kxb4 1/2-1/2

[Event "FIDE World Uni Rapid-A 1st"]
[Site "Tornelo INT"]
[Date "2021.03.21"]
[Round "8"]
[White "Membrere, Merlene"]
[Black "Brunel, Axel"]
[Result "0-1"]
[WhiteElo "1571"]
[BlackElo "1827"]
[PlyCount "140"]
[EventDate "2021.03.20"]
[EventType "swiss (rapid)"]
[EventRounds "12"]
[EventCountry "NET"]
[SourceTitle "CBM 201 Extra"]
[Source "ChessBase"]
[SourceDate "2021.05.31"]
[SourceVersion "1"]
[SourceVersionDate "2021.05.31"]
[SourceQuality "1"]

1. f4 d5 2. Nf3 c5 3. g3 Nc6 4. Bg2 g6 5. d3 Bg7 6. c3 e5 7. 0-0 Nge7 8. e4 0-0 9. Qe1 d4 10. Qe2 a6 11. a4 Re8 12. Bd2 f5 13. Na3 fxe4 14. dxe4 h6 15. Nc4 exf4 16. gxf4 Kh7 17. Kh1 Rb8 18. e5 Be6 19. Nd6 Rf8 20. Qf2 Nf5 21. Ne4 Qe7 22. Rac1 Rbd8 23. Ng3 Bd5 24. Nxf5 Rxf5 25. Nh4 Bxg2+ 26. Nxg2 Nxe5 27. Qg3 Nc6 28. Nh4 Rf6 29. Rce1 Qf7 30. Rg1 Ne7 31. Ref1 Nf5 32. Nxf5 Rxf5 33. Rf2 Rd6 34. Rfg2 b5 35. axb5 axb5 36. Qd3 c4 37. Qe2 d3 38. Qf3 Re6 39. Ra1 Re7 40. Be3 Qe6 41. Bd2 Qe4 42. Qf2 Rf6 43. Rag1 Rfe6 44. Re1 Qf5 45. Reg1 Re2 46. Qf1 Rxg2 47. Rxg2 g5 48. Qf3 gxf4 49. Bxf4 Re1+ 50. Rg1 Rxg1+ 51. Kxg1 d2 52. Kg2 d1Q 53. Qxd1 Qxf4 54. Qc2+ Kh8 55. Qd1 Qg5+ 56. Kf1 Qf5+ 57. Kg2 Bf6 58. Qe2 h5 59. Qe8+ Kh7 60. Qf7+ Kh6 61. Qf8+ Kg5 62. Qg8+ Qg6 63. Qa8 Kf4+ 64. Kf1 Qd3+ 65. Kg2 Qe4+ 66. Qxe4+ Kxe4 67. Kf2 Kd3 68. Kf3 Kc2 69. Ke4 Kxb2 70. Kd5 Kxc3 0-1

[Event "FIDE World Uni Rapid-A 1st"]
[Site "Tornelo INT"]
[Date "2021.03.20"]
[Round "2"]
[White "Matviishen, Viktor"]
[Black "Brunel, Axel"]
[Result "1-0"]
[WhiteElo "2512"]
[BlackElo "1827"]
[PlyCount "103"]
[EventDate "2021.03.20"]
[EventType "swiss (rapid)"]
[EventRounds "12"]
[EventCountry "NET"]
[SourceTitle "CBM 201 Extra"]
[Source "ChessBase"]
[SourceDate "2021.05.31"]
[SourceVersion "1"]
[SourceVersionDate "2021.05.31"]
[SourceQuality "1"]

1. d4 Nf6 2. c4 g6 3. Nc3 Bg7 4. e4 d6 5. h3 0-0 6. Be3 Nbd7 7. g4 e5 8. d5 a5 9. Nge2 Nc5 10. Ng3 b6 11. Qd2 Ne8 12. 0-0-0 f5 13. gxf5 gxf5 14. exf5 Bxf5 15. h4 Bg4 16. Be2 Bxe2 17. Qxe2 Nf6 18. h5 Qd7 19. Rhg1 Kf7 20. h6 Bh8 21. Bxc5 bxc5 22. Nge4 Qf5 23. Qc2 Nxe4 24. Nxe4 Ke7 25. Kb1 Rab8 26. Rg5 Qf4 27. Rdg1 a4 28. a3 Qf3 29. R5g3 Qf5 30. Ka2 Rb7 31. Rg5 Qf3 32. R1g3 Qf4 33. R5g4 Qf5 34. Qxa4 Rfb8 35. b3 Rf8 36. Qc6 Qc8 37. Rg7+ Bxg7 38. Rxg7+ Rf7 39. Rxf7+ Kxf7 40. Nxd6+ cxd6 41. Qxc8 Re7 42. Qf5+ Ke8 43. a4 Rf7 44. Qe6+ Kf8 45. Qxd6+ Kg8 46. Qd8+ Rf8 47. Qg5+ Kf7 48. Qg7+ Ke8 49. Qxh7 Rxf2+ 50. Ka3 Rf1 51. Qg6+ Kd7 52. h7 1-0

[Event "FIDE World Uni Blitz-B 1st"]
[Site "Tornelo INT"]
[Date "2021.03.13"]
[Round "7.75"]
[White "Brunel, Axel"]
[Black "Mansour, Halim"]
[Result "1-0"]
[WhiteElo "1827"]
[BlackElo "1385"]
[PlyCount "139"]
[EventDate "2021.03.13"]
[EventType "swiss (blitz)"]
[EventRounds "10"]
[EventCountry "NET"]
[SourceTitle "EXT 2022"]
[Source "ChessBase"]
[SourceDate "2021.10.06"]
[SourceVersion "1"]
[SourceVersionDate "2021.10.06"]
[SourceQuality "1"]

1. e4 c5 2. Nc3 Nc6 3. g3 e6 4. Bg2 Nf6 5. d3 d5 6. exd5 exd5 7. Bg5 Be6 8. Nf3 Be7 9. 0-0 0-0 10. Re1 h6 11. Bf4 a6 12. a4 Bd6 13. Bxd6 Qxd6 14. Qd2 Rad8 15. h3 Rfe8 16. Re2 Qd7 17. Kh2 Nh7 18. Rae1 Nd4 19. Nxd4 cxd4 20. Nxd5 Ng5 21. Nf4 Qxa4 22. Nxe6 Nxe6 23. Bxb7 Qb5 24. Bg2 Qxb2 25. f4 Qb5 26. g4 Qb8 27. Rf1 Nc7 28. Be4 a5 29. Qxa5 Nd5 30. Qd2 Ne3 31. Rf3 Qd6 32. Ref2 Qf6 33. c3 Qh4 34. Rg3 Nd5 35. Bxd5 Rxd5 36. c4 Rdd8 37. Re2 Rxe2+ 38. Qxe2 Kf8 39. Rg2 Re8 40. Qf2 Qf6 41. Rg3 g6 42. f5 g5 43. Rf3 Qe5+ 44. Qg3 Qc5 45. h4 Re2+ 46. Kh3 gxh4 47. Qxh4 Qe5 48. Qg3 Qe7 49. f6 Qe6 50. Qb8+ Qe8 51. Qxe8+ Kxe8 52. Kg3 Kd7 53. Kf4 Kd6 54. g5 hxg5+ 55. Kxg5 Rg2+ 56. Kf4 Rg6 57. Ke4 Rg4+ 58. Rf4 Rxf4+ 59. Kxf4 Ke6 60. Ke4 Kxf6 61. Kxd4 Kg5 62. c5 f5 63. c6 f4 64. c7 f3 65. Ke3 Kg4 66. c8Q+ Kg3 67. Qf5 f2 68. Qxf2+ Kh3 69. Qg1 Kh4 70. Kf4 1-0

[Event "FIDE World Uni Blitz-B 1st"]
[Site "Tornelo INT"]
[Date "2021.03.13"]
[Round "2.21"]
[White "Grieve, Harry"]
[Black "Brunel, Axel"]
[Result "1-0"]
[WhiteElo "2351"]
[BlackElo "1827"]
[PlyCount "85"]
[EventDate "2021.03.13"]
[EventType "swiss (blitz)"]
[EventRounds "10"]
[EventCountry "NET"]
[SourceTitle "EXT 2022"]
[Source "ChessBase"]
[SourceDate "2021.10.06"]
[SourceVersion "1"]
[SourceVersionDate "2021.10.06"]
[SourceQuality "1"]

1. e4 c5 2. Nf3 d6 3. d4 cxd4 4. Nxd4 Nf6 5. Nc3 a6 6. f3 e6 7. Be3 Be7 8. Qd2 0-0 9. 0-0-0 Qc7 10. g4 Nc6 11. g5 Nd7 12. h4 b5 13. h5 Nde5 14. f4 Nxd4 15. Qxd4 Nc4 16. g6 Bf6 17. gxh7+ Kh8 18. e5 dxe5 19. Qc5 Qxc5 20. Bxc5 Re8 21. Bg2 Rb8 22. Ba7 Rb7 23. Bxb7 Bxb7 24. Rhf1 exf4 25. Rd7 Bg2 26. Rg1 f3 27. Ne4 Bxb2+ 28. Kd1 f5 29. Ng5 Bf6 30. Nf7+ Kxh7 31. Ke1 Bh4+ 32. Bf2 Bxf2+ 33. Kxf2 Rc8 34. Ng5+ Kg8 35. Nxf3 Bxf3 36. Rgxg7+ Kf8 37. Rdf7+ Ke8 38. Re7+ Kf8 39. Kxf3 Ne5+ 40. Kf4 Nc4 41. h6 Nd6 42. Ke5 Ne8 43. Ref7# 1-0

[Event "Porticcio op 2nd"]
[Site "Grosseto Prugna"]
[Date "2015.06.28"]
[Round "2"]
[White "Socko, Bartosz"]
[Black "Brunel, Axel"]
[Result "1-0"]
[WhiteElo "2624"]
[BlackElo "1796"]
[PlyCount "69"]
[EventDate "2015.06.27"]
[EventType "swiss"]
[EventRounds "9"]
[EventCountry "FRA"]
[SourceTitle "CBM 167 Extra"]
[Source "ChessBase"]
[SourceDate "2015.09.14"]
[SourceVersion "1"]
[SourceVersionDate "2015.09.14"]
[SourceQuality "1"]

1. c4 Nf6 2. Nc3 g6 3. g3 Bg7 4. Bg2 d6 5. Nf3 0-0 6. 0-0 c6 7. d3 e5 8. Rb1 a5 9. a3 Bg4 10. b4 axb4 11. axb4 Nbd7 12. h3 Bxf3 13. Bxf3 Qc7 14. Bg2 Rfe8 15. Bb2 Nh5 16. Bf3 Nhf6 17. Qb3 Rab8 18. Ra1 Ra8 19. e3 Qb6 20. Na4 Qc7 21. Bg2 Nb6 22. Nc3 Nfd7 23. Rac1 Qd8 24. Rfd1 Qe7 25. c5 dxc5 26. bxc5 Qxc5 27. Nd5 Qa5 28. Nc7 Rac8 29. Nxe8 Rxe8 30. Ra1 Qc5 31. Ba3 Qa5 32. Bb4 Qb5 33. Ra5 Nc5 34. Rxb5 Nxb3 35. Rxb6 1-0